Perfomance appraisal [ The human dynamics
| Format: | Book |
|---|---|
| Published: |
Dubai :
Al Kabas Video services ,
n.d
|
| Series: | Management and business series Vol.8
|
| Subjects: |
MARC
| LEADER | 00000cam a2200000 7i4500 | ||
|---|---|---|---|
| 001 | 0000017751 | ||
| 005 | 20061130.0 | ||
| 040 | |a INS | ||
| 090 | 0 | 0 | |a HD5549.5 |
| 245 | 0 | 0 | |a Perfomance appraisal [ |h video recording] : |b The human dynamics |
| 260 | |a Dubai : |b Al Kabas Video services , |c n.d | ||
| 300 | |a 1 Video cassette ( VHS) (0:25) : |b sd.,col. ; |c 1/2 in. | ||
| 440 | 0 | |a Management and business series Vol.8 | |
| 650 | 0 | 0 | |a Employees |x Rating of |
| 999 | |a VHS331 |b VIDEO |c Media Collection |e Default branch | ||